00743 2200289 4500001002100000005001500021007000300036008004100039035002000080040001200100041000800112082001100120084001700131090001700148100002700165245005300192250001000245264003100255300002100286336002100307337003000328338002300358504002300381650001700404850001000421990002200431INLIS00000000001346020260414024210ta260414 0  a0010-0825000019 aSBPUPAD aind a320.01 a320.01 DEL p a320.01 DEL p0 aDeliar NoerePengarang1 aPemikiran Politik Di Negeri Barat /cDeliar Noer aCet.1 aJakarta :bRajawali,c1982 a190 hlm ;c21 cm 2rdacontentaTeks 2rdamediaatanpa perantara 2rdacarrieravolume aBiblografi hlm 189 4aIlmu Politik aPUPAD a36.895/H/DPK/2025